Including the excluded in South Asia (Record no. 613878)

MARC details
000 -LEADER
fixed length control field 00752nam a2200241Ia 4500
003 - CONTROL NUMBER IDENTIFIER
control field OSt
005 - DATE AND TIME OF LATEST TRANSACTION
control field 20220926005438.0
008 - FIXED-LENGTH DATA ELEMENTS--GENERAL INFORMATION
fixed length control field 220923b |||||||| |||| 00| 0 eng d
020 ## - INTERNATIONAL STANDARD BOOK NUMBER
International Standard Book Number 9789813297586
037 ## - SOURCE OF ACQUISITION
Terms of availability General Book
040 ## - CATALOGING SOURCE
Original cataloging agency RTL
Transcribing agency RTL
Language of cataloging eng
041 ## - LANGUAGE CODE
Source of code eng
Language code of text/sound track or separate title eng
100 ## - MAIN ENTRY--PERSONAL NAME
Personal name SEKHER Madhushree
9 (RLIN) 310345
245 #0 - TITLE STATEMENT
Title Including the excluded in South Asia
Remainder of title Power, politics and policy perspectives from the region
260 ## - PUBLICATION, DISTRIBUTION, ETC.
Place of publication, distribution, etc. New Delhi
Name of publisher, distributor, etc. Springer
Date of publication, distribution, etc. 2019
300 ## - PHYSICAL DESCRIPTION
Extent xvii,254p
Dimensions cm.
700 ## - ADDED ENTRY--PERSONAL NAME
Personal name CARCIUMARU Radu
9 (RLIN) 310346
942 ## - ADDED ENTRY ELEMENTS (KOHA)
Classification part Y5927.49G, Q9
Koha item type General Books
Source of classification or shelving scheme Colon Classification (CC)
Holdings
Withdrawn status Lost status Damaged status Not for loan Home library Current library Date acquired Total Checkouts Full call number Barcode Date last seen Price effective from Koha item type
        Ratan Tata Library Ratan Tata Library 2022-09-26   Y5927.49G Q9 RT1502229 2022-09-26 2022-09-26 General Books
Copyright @ Delhi University Library System